| 000 | 00350nam a2200133Ia 4500 | ||
|---|---|---|---|
| 008 | 240624s9999 xx 000 0 und d | ||
| 041 | _aeng | ||
| 082 | _a658.8 BIS | ||
| 100 | _aBISWAS ATINDRA KUMAR | ||
| 245 | _aSTRATEGIC MARKET MANAGEMENT MANAGING MAR | ||
| 260 |
_c2017 _aChennai _bNotion Press |
||
| 300 | _axxiii, 326 p.; 23 cm. | ||
| 365 | _cRS | ||
| 999 |
_c30751 _d30751 |
||